000 01425cam a22003495i 4500
999 _c18296
_d18268
003 EG-ScBUE
005 20200106114636.0
006 m||||fq||z 00| 0
008 140612s2008 enka f 000 0 eng d
020 _a9780230028852 (book)
020 _a9780230028838 (audio CD)
040 _aEG-ScBUE
_beng
_erda
_cEG-ScBUE
_dEG-ScBUE
082 0 4 _a428.24076
_bMCC
_222
100 1 _aMcCarter, Sam,
_eauthor.
_919942
245 1 0 _aIELTS testbuilder.
_n2 /
_cSam McCarter.
264 1 _aOxford :
_bMacmillan Education,
_c2008.
300 _a176 pages :
_billustrations ;
_c27 cm. +
_e2 audio CD
336 _atext
_btxt
_2rdacontent
336 _aspoken word
_bspw
_2rdacontent
337 _aunmediated
_bn
_2rdamedia
337 _aaudio
_bs
_2rdamedia
338 _avolume
_bnc
_2rdacarrier
338 _aaudio disc
_bsd
_2rdacarrier
490 0 _aMacmillan testbuilders
520 _aIELTS Testbuilder 2 is designed to improve exam performance and increase competence for success in the international Language Testing System (IELTS). This book is suitable for all students at IELTS Band 4.5 and above.
650 7 _aInternational English Language Testing System
_vStudy guides.
_2BUEsh
_936012
650 7 _aEnglish language
_vExaminations, questions, etc.
_2BUEsh
650 7 _aEnglish language
_vTextbooks for foreign speakers.
_2BUEsh
653 _bHHUUEENN
_cJune2014
_cJuly2019
655 _vReading book
942 _2ddc
_cBB